01710nam a2200289 a 4500001001000000005001700010008004100027041000800068044000700076084002000083100004500103245009500148260004800243300002400291440004200315500029200357500031500649500010700964500001001071650005201081650005601133650003401189650004501223700005101268700005101319740005001370BRCA_261020190320203905.0281108s1879----sp-a---###---#000-0dspa-u aspa asp a180b.G39c18791 aCervantes Saavedra, Miguel ded1547-161610aEl Ingenioso Hidalgo Don Quijote de la Manchaccompuesto por Miguel de Cervantes Saavedra. aMadridbLibreria e imprenta de Gasparc1879 a540 p.bil.c28 cm. 0aBiblioteca ilustrada de Gaspar y Roig aContenido : Primera parte. Retrato de Cervantes. Advertencia del editor. Dedicatoria del autor. Prólogo del autor. Versos preliminares. Texto. Segunda parte. Dedicatoria del autor. Prólogo del autor. Vida de Cervantes por J. M. Quintana. Buscapié con prólogo y notas de A. Castro aEdición : Novisima edición con notas historicas, críticas y gramaticales de la Academia Española, Pellicer, Arrieta, Clemancín, Cuesta, Janer, etc. Aumentada con El Buscapié, anotado por A. de Castro, adornado con 300 grabados intercalados, láminas sueltas y el retrato del autor grabado en acero aEjemplar enteramente igual al anterior. Semipiel; lomera decorada con filetes dorados Lúdovik Osterc aQM17814aNovela españolayÉpoca clásica, 1500-170014aLiteratura españolayÉpoca clásica, 1500-170014aNovela españolaySiglo XVII14aDon Quijote (Personaje ficticio)eNovela1 aQuintana, José Manueld1772-1857eBiógrafo1 aCastro y Rossi, Adolfo ded1823-1898eAnotador0 aEl Ingenioso Hidalgo Don Quijote de la Mancha